000 03948nam0a2200397 i 4500
001 RU\NLR\BIBL_A\012081763
005 20260409063119.0
010 _a9785731045445
_9500
021 _aRU
_b2019-54586
_9КН-П-3924
035 _a(RuMoRGB)010048187
035 _a(NLR Aleph) 012081763
090 _a11806963
_c11806963
100 _a20190827d2018 k y0rusy50 ca
101 0 _arus
_aeng
_deng
102 _aRU
105 _aa|||z|||100zy
200 1 _aАрхитектура финансов: иллюзии глобальной стабилизации и перспективы экономического роста
_eсборник материалов VIII Международной научно-практической конференции, 04-06 апреля 2017 года, [в рамках которой проходили круглые столы, заглавия которых указаны в содержании и отображены в добавочных записях коллективного автора]
_fМинистерство науки и высшего образования Российской Федерации, Федеральное государственное бюджетное образовательное учреждение высшего образования "Санкт-Петербургский государственный экономический университет"
_gпод научной редакцией И.А. Максимцева [и др.]
210 _aСанкт-Петербург
_cИзд-во Санкт-Петербургского государственного экономического университета
_d2018
215 _a574 с.
_cил., табл.
_d29
300 _aЧасть текста на англ. яз.
320 _aБиблиогр. в конце ст. и в подстроч. примеч.
606 _aЭкономика
_jСъезды, совещания и т.п
_91414491
_3RU\NLR\AUTH\66284709
686 1 _aУ.я431
702 1 _aМаксимцев
_bИ. А.
_f1961-
_gИгорь Анатольевич
_4340
711 1 2 _a"Архитектура финансов: иллюзии глобальной стабилизации и перспективы экономического роста", международная научно-практическая конференция
_d8
_eСанкт-Петербург
_f2017
_9676082
_3RU\NLR\AUTH\880507953
711 1 2 _a"Государство и бизнес в поисках финансовой устойчивости", круглый стол
_eСанкт-Петербург
_f2017
_9676086
_3RU\NLR\AUTH\880507955
711 1 2 _a"Актуальные вопросы финансов в России и зарубежных странах", круглый стол
_eСанкт-Петербург
_f2017
_9676091
_3RU\NLR\AUTH\880507957
711 1 2 _a"Корпоративные финансы: поиск новых моделей управления", круглый стол
_eСанкт-Петербург
_f2017
_9676093
_3RU\NLR\AUTH\880507958
711 1 2 _a"Финансовые рынки и финансовые инструменты: современные тенденции", круглый стол
_eСанкт-Петербург
_f2017
_9676095
_3RU\NLR\AUTH\880507959
711 1 2 _7ba
_7ca
_a"Sustainable growth of financial markets in the global economy", круглый стол
_eСанкт-Петербург
_f2017
_9676097
_3RU\NLR\AUTH\880507960
712 0 2 _aСанкт-Петербургский государственный экономический университет
_3RU\NLR\AUTH\8810239206
_9364064
942 _cBOOK
980 _aNBR